|
|
|
|
| LEADER |
00000nam0a2200000 4500 |
| 001 |
261229 |
| 005 |
20231101233539.0 |
| 010 |
|
|
|a 5343003346
|
| 035 |
|
|
|a (RuTPU)RU\TPU\book\284205
|
| 090 |
|
|
|a 261229
|
| 100 |
|
|
|a 20140521d1988 k y0rusy50 ca
|
| 101 |
0 |
|
|a rus
|
| 102 |
|
|
|a BY
|
| 105 |
|
|
|a a z 001zy
|
| 200 |
1 |
|
|a Гидромеханика щелевых систем
|f П. А. Новиков, Л. Я. Любин
|
| 210 |
|
|
|a Минск
|c Наука и техника
|d 1988
|
| 215 |
|
|
|a 344 с.
|c ил.
|
| 320 |
|
|
|a Библиогр.: с. 337-341.
|
| 606 |
1 |
|
|a Гидравлические системы, щелевые
|x Механика
|2 stltpush
|3 (RuTPU)RU\TPU\subj\6529
|9 34399
|
| 610 |
1 |
|
|a щелевые системы
|
| 610 |
1 |
|
|a равновесные конфигурации
|
| 610 |
1 |
|
|a устойчивость
|
| 610 |
1 |
|
|a колебания
|
| 610 |
1 |
|
|a идеальные жидкости
|
| 610 |
1 |
|
|a вязкие течения
|
| 610 |
1 |
|
|a массообмен
|
| 675 |
|
|
|a 532.517.2
|
| 700 |
|
1 |
|a Новиков
|b П. А.
|
| 701 |
|
1 |
|a Любин
|b Л. Я.
|
| 801 |
|
1 |
|a RU
|b 63413507
|c 20140521
|
| 801 |
|
2 |
|a RU
|b 63413507
|c 20181019
|g RCR
|
| 942 |
|
|
|c BK
|